| 000 | 00739nam a2200241 a 4500 | ||
|---|---|---|---|
| 008 | |||
| 020 | _a9780340816066 (pbk.) | ||
| 049 | _aMAIN | ||
| 090 |
_aKD3930 _bRYA |
||
| 100 | 1 | _aRyan, Mark. | |
| 245 | 1 | 0 |
_aUnlocking Constitutional and Administrative Law / _cMark Ryan and Steve Foster. |
| 260 |
_aLondon : _bHodder Education, _c2007. |
||
| 300 |
_axliv, 691 p. : _bill. ; _c25 cm. |
||
| 504 | _aIncludes bibliographical references. | ||
| 500 | _aIncludes index. | ||
| 650 | 1 | _aConstitutional and Administrative Law. | |
| 700 | _aFoster, Steve. | ||
| 907 |
_a.b10272914 _b21-11-14 _c12-02-10 |
||
| 003 | |||
| 005 | 20260217183126.0 | ||
| 040 | _cNUST | ||
| 942 |
_cBOOKS _kKD3930 _mRYA _02 |
||
| 999 |
_c128009 _d128009 |
||